000 00219nam a22000857a 4500
008 160804b xxu||||| |||| 00| 0 eng d
100 _925
_aEgmont
245 _aCigars of the phgrah
260 _aUSA
_bMacMillan Publication
_c2009
999 _c2675
_d2675